01896nam a2200253Ia 4500003000400000005001700004008004100021020001500062040002100077041000800098082002400106100003700130245006500167250002300232260006300255300002800318505046200346520060700808650003501415650003501450942001201485999001701497952012801514OSt20210920155959.0210310s1992 cr gr 000 0 spa d a9977471517 aCO-JMCRcCO-JMCR0 aspa04a338.9 / bG312p2231 aGeiger, Erwin P.,eautor 92834810aPrivatización y política económica / cErwin P. Geiger aSegunda edición  aSan José, Costa Rica : bLitografía e imprenta, c1992 a86 páginas ; c22 cm.0 aTendencia mundial a la privatización. -- Privatización en el contexto de la política económica. -- Justificación teórica de la privatización. -- Resumen de cuarenta años de experiencia con empresas estatales. -- Métodos de privatización. -- Etapas de privatización. -- Empresas estatales y la eficiencia. -- Privatización e interés público. -- Obstáculos para la privatización. -- Conclusiones para la política económica. aEn los países ricos los procesos productivos están fundamentalmente a cargo de empresas privadas. Durante los últimos quince años fue haciéndose cada vez más evidente que las empresas del Estado no contribuyeron al crecimiento económico de los países en desarrollo. Los fondos disponibles siempre son limita dos. El gobierno que usa fondos para mantener "empleos" improductivos no tiene los fondos para crear empleos productivos. Los países que siguieron el modelo de economía de mercado, abrieron el camino contra la pobreza y alcanzaron niveles de ingreso sorprendentemente altos.14aPolítica económica 94065024aDesarrollo económico 940651 2ddccBK c12478d12478 00102ddc4070aCPLbCPLcGENd2018-04-15eDonacióno338.9 / G312pp430005467r2024-05-16 00:00:00tEj.1w2021-03-10yBK